Τατουάζ : ατομικές επιλογές, δημόσιες επιτελέσεις : πτυχιακή εργασία
Αποθηκεύτηκε σε:
| Κύριος συγγραφέας: | |
|---|---|
| Συγγραφή απο Οργανισμό/Αρχή: | |
| Άλλοι συγγραφείς: | |
| Μορφή: | Thesis Βιβλίο |
| Γλώσσα: | Greek |
| Δημοσίευση: |
2008
|
| Θέματα: | |
| Διαθέσιμο Online: | http://hdl.handle.net/11610/7587 |
| Ετικέτες: |
Προσθήκη ετικέτας
Δεν υπάρχουν, Καταχωρήστε ετικέτα πρώτοι!
|
MARC
| LEADER | 00000cam a2200000 i 4500 | ||
|---|---|---|---|
| 001 | 1/105773 | ||
| 008 | 090602s2008 gre d | ||
| 035 | |l 10104959 | ||
| 040 | |a GR-MY-UA |b gre |e aacr | ||
| 041 | 0 | |a gre | |
| 082 | 0 | |a 391.65 |2 (22) | |
| 100 | 1 | |a Ροδίτη, Μαρία. | |
| 245 | 1 | 0 | |a Τατουάζ : |b ατομικές επιλογές, δημόσιες επιτελέσεις : πτυχιακή εργασία / |c Μαρία Γ. Ροδίτη ; επιβλέπουσα Βενετία Καντσά |
| 260 | |c 2008 | ||
| 300 | |a 67 σ.; |c 30 εκ. | ||
| 502 | # | # | |a Πτυχιακή εργασία – Πανεπιστήμιο Αιγαίου, Λέσβος, 2008. |
| 504 | |a Βιβλιογραφία: σ. 65-67 | ||
| 650 | 0 | 0 | |a Tattooing |x Social aspects. |
| 650 | 0 | 0 | |a Body marking |x Social aspects. |
| 650 | 0 | 0 | |a Dissertations, Academic |z Greece. |
| 700 | 1 | |4 ths |a Καντσά, Βενετία. | |
| 710 | 2 | |a Πανεπιστήμιο Αιγαίου. |b Σχολή Κοινωνικών Επιστημών. |b Τμήμα Κοινωνικής Ανθρωπολογίας και Ιστορίας. | |
| 852 | |a INST |b LESVOS |c DIATR |e 20090602 |h 81 |p 005100045178 |q 005100045178 |t DIE |y 23 | ||
| 852 | |a INST |b LESVOS |c DIATR |e 20090602 |h 82 |p 005100045179 |q 005100045179 |t DIE |y 23 | ||
| 856 | |u http://hdl.handle.net/11610/7587 | ||
| 901 | |a BIBL1-2009-2 | ||
| 909 | |a Λ |b 130300 | ||
| 909 | |a Λ |b 130301 | ||
| 924 | |a ΡΟΔΙΤΗ |b ΜΑΡΙΑ |y ΛΕΣΒΟΣ |z 2008-04 | ||
| 970 | |a ΤΖΑΦΕΡΗ |b ΕΥΑΓΓΕΛΙΑ |z 2009/06/02 | ||